<?xml version="1.0" encoding="UTF-8"?><?xml-stylesheet type="text/xsl" href="static/style.xsl"?><OAI-PMH xmlns="http://www.openarchives.org/OAI/2.0/" xmlns:xsi="http://www.w3.org/2001/XMLSchema-instance" xsi:schemaLocation="http://www.openarchives.org/OAI/2.0/ http://www.openarchives.org/OAI/2.0/OAI-PMH.xsd"><responseDate>2026-04-13T04:00:39Z</responseDate><request verb="GetRecord" identifier="oai:www.recercat.cat:10230/47039" metadataPrefix="marc">https://recercat.cat/oai/request</request><GetRecord><record><header><identifier>oai:recercat.cat:10230/47039</identifier><datestamp>2025-12-18T01:09:23Z</datestamp><setSpec>com_2072_6</setSpec><setSpec>col_2072_452952</setSpec></header><metadata><record xmlns="http://www.loc.gov/MARC21/slim" xmlns:dcterms="http://purl.org/dc/terms/" xmlns:xsi="http://www.w3.org/2001/XMLSchema-instance" xmlns:doc="http://www.lyncode.com/xoai" xsi:schemaLocation="http://www.loc.gov/MARC21/slim http://www.loc.gov/standards/marcxml/schema/MARC21slim.xsd">
   <leader>00925njm 22002777a 4500</leader>
   <datafield ind2=" " ind1=" " tag="042">
      <subfield code="a">dc</subfield>
   </datafield>
   <datafield ind2=" " ind1=" " tag="720">
      <subfield code="a">Grunden, Nicholas</subfield>
      <subfield code="e">author</subfield>
   </datafield>
   <datafield ind2=" " ind1=" " tag="720">
      <subfield code="a">Piazza, Giorgio</subfield>
      <subfield code="e">author</subfield>
   </datafield>
   <datafield ind2=" " ind1=" " tag="720">
      <subfield code="a">García Sánchez, Carmen</subfield>
      <subfield code="e">author</subfield>
   </datafield>
   <datafield ind2=" " ind1=" " tag="720">
      <subfield code="a">Calabria, Marco</subfield>
      <subfield code="e">author</subfield>
   </datafield>
   <datafield ind2=" " ind1=" " tag="260">
      <subfield code="c">2021-04-07T08:43:13Z</subfield>
   </datafield>
   <datafield ind2=" " ind1=" " tag="260">
      <subfield code="c">2021-04-07T08:43:13Z</subfield>
   </datafield>
   <datafield ind2=" " ind1=" " tag="260">
      <subfield code="c">2020</subfield>
   </datafield>
   <datafield ind2=" " ind1=" " tag="520">
      <subfield code="a">As studies of bilingual language control (BLC) seek to explore the underpinnings of bilinguals’ abilities to juggle two languages, different types of language switching tasks have been used to uncover switching and mixing effects and thereby reveal what proactive and reactive control mechanisms are involved in language switching. Voluntary language switching tasks, where a bilingual participant can switch freely between their languages while naming, are being utilized more often due to their greater ecological validity compared to cued switching paradigms. Because this type of task had not yet been applied to language switching in bilingual patients, our study sought to explore voluntary switching in bilinguals with aphasia (BWAs) as well as in healthy bilinguals. In Experiment 1, we replicated previously reported results of switch costs and mixing benefits within our own bilingual population of Catalan-Spanish bilinguals. With Experiment 2, we compared both the performances of BWAs as a group and as individuals against control group performance. Results illustrated a complex picture of language control abilities, indicating varying degrees of association and dissociation between factors of BLC. Given the diversity of impairments in BWAs’ language control mechanisms, we highlight the need to examine BLC at the individual level and through the lens of theoretical cognitive control frameworks in order to further parse out how bilinguals regulate their language switching.</subfield>
   </datafield>
   <datafield ind2=" " ind1=" " tag="520">
      <subfield code="a">This research was supported with funding provided to M.C. by the postdoctoral Ramón y Cajal fellowship (RYC-2013-14013) as well as funding from Agencia Estatal de Investigación (AEI, National Research Agency) and Fondo Europeo de Desarrollo Regional (FEDER, European Regional Development Fund) under projects PSI2017-87784-R and RED2018-102615-T.</subfield>
   </datafield>
   <datafield tag="653" ind2=" " ind1=" ">
      <subfield code="a">Bilingual aphasia</subfield>
   </datafield>
   <datafield tag="653" ind2=" " ind1=" ">
      <subfield code="a">Voluntary language switching</subfield>
   </datafield>
   <datafield tag="653" ind2=" " ind1=" ">
      <subfield code="a">Bilingual language control</subfield>
   </datafield>
   <datafield tag="653" ind2=" " ind1=" ">
      <subfield code="a">Proactive control</subfield>
   </datafield>
   <datafield tag="653" ind2=" " ind1=" ">
      <subfield code="a">Reactive control</subfield>
   </datafield>
   <datafield ind2="0" ind1="0" tag="245">
      <subfield code="a">Voluntary language switching in the context of bilingual aphasia</subfield>
   </datafield>
</record></metadata></record></GetRecord></OAI-PMH>